| 000 | 00853nam a2200265 i 4500 | ||
|---|---|---|---|
| 001 | 82228 | ||
| 003 | ES-MaACL | ||
| 005 | 20240418091751.0 | ||
| 007 | t| | ||
| 008 | 041201s2004 sp ||||1| spa d | ||
| 020 | _a84-376-2114-3 | ||
| 080 | _a821.134.2-14"19" | ||
| 100 | 1 |
_aDiego, Gerardo, _d1896-1987 _944545 |
|
| 245 | 1 | 0 |
_aBiografía incompleta ; Biografía continuada / _cGerardo Diego ; edición de Francisco Javier Díez de Revenga. |
| 250 | _a1ª ed. | ||
| 260 |
_aMadrid : _bCátedra, _c2004. |
||
| 300 |
_a293 p. : _bil. ; _c18 cm. |
||
| 490 | 1 |
_aLetras hispánicas ; _v552 |
|
| 700 | 1 |
_aDíez de Revenga, Francisco Javier, _d1946- _944713 |
|
| 740 | 0 | _aBiografía continuada. | |
| 830 | 0 | 0 |
_aLetras hispánicas ; _v552 _9235703 |
| 852 |
_aES-MaACL _jL-28553 _bR.134296 |
||
| 942 | _2udc | ||
| 999 |
_c82228 _d82228 |
||